<?xml version="1.0" encoding="UTF-8"?>
<record
    xmlns:xsi="http://www.w3.org/2001/XMLSchema-instance"
    xsi:schemaLocation="http://www.loc.gov/MARC21/slim http://www.loc.gov/standards/marcxml/schema/MARC21slim.xsd"
    xmlns="http://www.loc.gov/MARC21/slim">

  <leader>00720na  a2200205   4500</leader>
  <controlfield tag="001">23944</controlfield>
  <controlfield tag="003">MIRAKIL</controlfield>
  <controlfield tag="005">20181213155324.0</controlfield>
  <controlfield tag="008">180126b        tu            000 0      </controlfield>
  <datafield tag="040" ind1=" " ind2=" ">
    <subfield code="a">Milas</subfield>
    <subfield code="b">tur</subfield>
    <subfield code="c">TR-AnCHP</subfield>
  </datafield>
  <datafield tag="041" ind1=" " ind2=" ">
    <subfield code="a">tur</subfield>
  </datafield>
  <datafield tag="110" ind1=" " ind2=" ">
    <subfield code="a">Devlet &#x130;statistik Enstit&#xFC;s&#xFC; (D&#x130;E)</subfield>
  </datafield>
  <datafield tag="245" ind1=" " ind2=" ">
    <subfield code="a">1997 y&#x131;l&#x131; &#x130;&#xE7;el ili sanayi envanterinin &#xE7;&#x131;kar&#x131;lmas&#x131; ve sanayinin geli&#x15F;mesi i&#xE7;in gerekli tedbirlerin belirlenmesi projesi</subfield>
    <subfield code="c">Devlet &#x130;statistik Enstit&#xFC;s&#xFC; (D&#x130;E)</subfield>
  </datafield>
  <datafield tag="260" ind1=" " ind2=" ">
    <subfield code="a">Ankara</subfield>
    <subfield code="b">Devlet &#x130;statistik Enstit&#xFC;s&#xFC; (D&#x130;E)</subfield>
    <subfield code="c">1999</subfield>
  </datafield>
  <datafield tag="300" ind1=" " ind2=" ">
    <subfield code="a">70 s.</subfield>
    <subfield code="b">tbl.</subfield>
    <subfield code="c">29 sm.</subfield>
  </datafield>
  <datafield tag="500" ind1=" " ind2=" ">
    <subfield code="a">GE&#xC7;&#x130;C&#x130; KATALOG KAYDIDIR.</subfield>
  </datafield>
  <datafield tag="710" ind1=" " ind2=" ">
    <subfield code="a">Devlet &#x130;statistik Enstit&#xFC;s&#xFC; (D&#x130;E)</subfield>
  </datafield>
  <datafield tag="942" ind1=" " ind2=" ">
    <subfield code="2">ddc</subfield>
    <subfield code="c">BKS</subfield>
  </datafield>
  <datafield tag="952" ind1=" " ind2=" ">
    <subfield code="5">1</subfield>
    <subfield code="a">0001</subfield>
    <subfield code="b">0001</subfield>
    <subfield code="d">2018-01-26</subfield>
    <subfield code="e">2</subfield>
    <subfield code="l">0</subfield>
    <subfield code="p">017926</subfield>
    <subfield code="r">2018-01-26 00:00:00</subfield>
    <subfield code="v">0.00</subfield>
    <subfield code="w">2018-01-26</subfield>
    <subfield code="y">BKS</subfield>
  </datafield>
  <datafield tag="999" ind1=" " ind2=" ">
    <subfield code="c">10509</subfield>
    <subfield code="d">10509</subfield>
  </datafield>
</record>
